000 00505nam a2200181Ia 4500
005 20250326124552.0
008 250326s9999 xx 000 0 und d
037 _aTextbook
040 _aFMSL
_beng
_cFMSL
041 _aeng
_2eng
084 _aX:8 L3
_qFMSL
100 _aTaylor B
245 0 _aBusioness policy: teaching and research
_cTaylor B; Macmillan K
260 _aLondon
_bLondon, Bradford University
_c1973
300 _a429p
942 _cTB
_hX:8 L3
999 _c1274211
_d1274211